| 000 | 00817cam a2200193 a 4500 | ||
|---|---|---|---|
| 082 |
_a621.252 _bGRA |
||
| 100 | 1 |
_aGraham, Frank Duncan, _939019 |
|
| 245 | 1 | 0 |
_aAudels pumps, hydraulics, air compressors : _ba practical guide covering theory, construction and operation of modern pumps, hydraulic machinery, air compressors and blowers / _cby Frank D. Graham. |
| 260 |
_aNew York : _bT. Audel & co., _c1943. |
||
| 300 |
_a1 v. (various pagings) : _bill. ; _c17 cm. |
||
| 500 | _a"Standards of Hydraulic institute... Test code ... Section F" (p. [915]-945]) has special t.-p. | ||
| 526 |
_a0 _b0 _c0 _d621_252000000000000_GRA |
||
| 650 | 0 |
_aAir-compressors _941094 |
|
| 650 | 0 | _aHydraulics | |
| 650 | 0 |
_aMCE _9379 |
|
| 650 | 0 |
_aPumping machinery _93452 |
|
| 710 | 2 |
_aHydraulic Institute (U.S.) _941095 |
|
| 942 |
_2ddc _cBK |
||
| 999 |
_c545291 _d545291 |
||